Nommer les 15 premiers Pokémon - Statistiques

Statistiques générales
  • Ce quiz a été pris 164 fois
  • Le résultat moyen est 13 sur 15
Statistiques - réponses
Réponse % Correct
4 Salamèche
99%
1 Bulbizarre
98%
7 Carapuce
98%
9 Tortank
96%
8 Carabaffe
95%
3 Florizarre
95%
2 Herbizarre
95%
5 Reptincel
95%
6 Dracaufeu
94%
10 Chenipan
88%
13 Aspicot
84%
14 Coconfort
83%
12 Papilusion
82%
11 Chrysacier
80%
15 Dardagnan
69%
Aucun quiz correspondant
Distribution des résultats
% des personnes avec chaque résultat
Percentile par nombre de réponses
Votre historique - résultats
Vous n’avez pas pris ce quiz